[Event "CHN-chT"]
[Site "Qingdao"]
[Date "2024.04.04"]
[Round "3.4"]
[White "Xie, Kaifan"]
[Black "Yang, Zilong"]
[Result "1-0"]
[WhiteElo "2393"]
[BlackElo "1918"]
[PlyCount "77"]
[EventDate "2024.04.02"]
[EventType "team-swiss"]
[EventRounds "9"]
[EventCountry "CHN"]
[SourceTitle "CB16_2024"]
[SourceDate "2024.04.17"]
[SourceVersion "1"]
[SourceVersionDate "2024.04.17"]
[SourceQuality "1"]
[WhiteTeam "Hangzhou"]
[BlackTeam "Jiangsu"]
[WhiteTeamCountry "CHN"]
[BlackTeamCountry "CHN"]

1. d4 Nf6 2. c4 e6 3. Nc3 c5 4. d5 exd5 5. cxd5 d6 6. e4 g6 7. f4 Bg7 8. Bb5+ Nfd7 9. a4 0-0 10. Nf3 Na6 11. 0-0 Nb4 12. h3 a6 13. Bc4 Re8 14. Re1 b6 15. Be3 Bb7 16. Bf2 h6 17. Bg3 g5 18. fxg5 hxg5 19. Bxd6 Qf6 20. e5 Qf4 21. Re4 Qf5 22. Rg4 Nxe5 23. Bxe5 Rxe5 24. Nxe5 Bxe5 25. Qe2 f6 26. Rf1 Qg6 27. Ne4 Bc8 28. d6+ Kg7 29. Rg3 Bf5 30. Re3 Re8 31. Nxf6 Bd4 32. Nxe8+ Qxe8 33. Rxf5 Bxe3+ 34. Kh1 Qe4 35. Rxg5+ Kf6 36. Rg4 Qb1+ 37. Kh2 Bg1+ 38. Kg3 Qf5 39. Qe7# 1-0

[Event "CHN-ch U12"]
[Site "Shanghai"]
[Date "2024.02.21"]
[Round "11"]
[White "Yang, Zilong"]
[Black "Jiang, Liu"]
[Result "1/2-1/2"]
[WhiteElo "1939"]
[BlackElo "1647"]
[PlyCount "60"]
[EventDate "2024.02.16"]
[EventType "swiss"]
[EventRounds "11"]
[EventCountry "CHN"]
[SourceTitle "CB09_2024"]
[SourceDate "2024.02.28"]
[SourceVersion "1"]
[SourceVersionDate "2024.02.28"]
[SourceQuality "1"]

1. e4 c6 2. d4 d5 3. Nc3 dxe4 4. Nxe4 Bf5 5. Ng3 Bg6 6. h4 h6 7. Nf3 Nd7 8. h5 Bh7 9. Bd3 Bxd3 10. Qxd3 e6 11. Bd2 Ngf6 12. 0-0-0 Be7 13. Qe2 c5 14. dxc5 Qc7 15. Bc3 Nxc5 16. Ne5 0-0 17. Bd4 Rac8 18. Kb1 Rfd8 19. f4 Na4 20. f5 Bc5 21. Bxc5 Nxc5 22. fxe6 Nxe6 23. Rxd8+ Rxd8 24. Nf5 Nf4 25. Qe3 N6d5 26. Qd4 Ne6 27. Qe4 Nf6 28. Qe2 Nd4 29. Nxd4 Rxd4 30. Nd3 Re4 1/2-1/2

[Event "CHN-ch U12"]
[Site "Shanghai"]
[Date "2024.02.20"]
[Round "10"]
[White "Yang, Zilong"]
[Black "Yu, Zhe"]
[Result "0-1"]
[WhiteElo "1939"]
[BlackElo "1274"]
[PlyCount "186"]
[EventDate "2024.02.16"]
[EventType "swiss"]
[EventRounds "11"]
[EventCountry "CHN"]
[SourceTitle "CB09_2024"]
[SourceDate "2024.02.28"]
[SourceVersion "1"]
[SourceVersionDate "2024.02.28"]
[SourceQuality "1"]

1. e4 c5 2. Nf3 d6 3. d4 cxd4 4. Nxd4 Nf6 5. Nc3 Nc6 6. f3 g6 7. Be3 Bg7 8. Qd2 0-0 9. 0-0-0 Bd7 10. g4 a6 11. h4 h5 12. g5 Ne8 13. f4 b5 14. Bg2 Rc8 15. Nd5 e6 16. Nxc6 Bxc6 17. Nb4 Bb7 18. Nd3 Nc7 19. f5 exf5 20. exf5 Bxg2 21. Qxg2 Re8 22. Bb6 d5 23. Rhf1 Qd6 24. Bc5 Qc6 25. Qf3 Kh7 26. Kb1 Re4 27. Bf2 Ne8 28. Rd2 Nd6 29. f6 Nc4 30. Re2 Rce8 31. Rfe1 Bf8 32. Kc1 Bd6 33. Bd4 b4 34. Bf2 a5 35. Kd1 a4 36. Bg3 a3 37. bxa3 Bxg3 38. Qxg3 bxa3 39. Qf2 Nb2+ 40. Kd2 Rc8 41. Nc5 Qxc5 42. Qxc5 Rxc5 43. Rxe4 dxe4 44. Rxe4 Rc4 45. Re7 Rxh4 46. Rxf7+ Kg8 47. Rg7+ Kf8 48. Rxg6 Nc4+ 49. Kc3 Ne5 50. Rg7 Rg4 51. Kb3 Rg3+ 52. Kb4 h4 53. Rh7 Nf3 54. c4 Rg4 55. Rh8+ Kf7 56. Rh7+ Kg8 57. f7+ Kf8 58. Kb5 Nxg5 59. Rh8+ Kxf7 60. c5 Kg7 61. c6 Ne6 62. Rh5 Kg6 63. Rh8 Kf5 64. Kb6 Rc4 65. Kb5 Rd4 66. Kb6 Kg4 67. Rg8+ Kh3 68. Re8 Rd6 69. Ra8 Kh2 70. Rxa3 h3 71. Rc3 Nd4 72. Rd3 Rxc6+ 73. Kb7 Rc4 74. Kb6 Kg2 75. Rd2+ Kg3 76. Rd3+ Nf3 77. Rd1 h2 78. Rh1 Ra4 79. Ra1 Rxa2 80. Rxa2 h1Q 81. Ra8 Qb1+ 82. Kc7 Kf4 83. Rf8+ Ke4 84. Re8+ Ne5 85. Rb8 Qc2+ 86. Kb7 Qc6+ 87. Ka7 Qa4+ 88. Kb6 Nd7+ 89. Kc7 Nxb8 90. Kxb8 Qc6 91. Ka7 Qb5 92. Ka8 Kd5 93. Ka7 Ke5 0-1

[Event "CHN-ch U12"]
[Site "Shanghai"]
[Date "2024.02.18"]
[Round "6"]
[White "Yang, Zilong"]
[Black "Feng, Yusheng"]
[Result "1/2-1/2"]
[WhiteElo "1939"]
[BlackElo "1484"]
[PlyCount "91"]
[EventDate "2024.02.16"]
[EventType "swiss"]
[EventRounds "11"]
[EventCountry "CHN"]
[SourceTitle "CB09_2024"]
[SourceDate "2024.02.28"]
[SourceVersion "1"]
[SourceVersionDate "2024.02.28"]
[SourceQuality "1"]

1. e4 c5 2. Nf3 d6 3. d4 cxd4 4. Nxd4 Nf6 5. Nc3 a6 6. Be2 e5 7. Nb3 Be6 8. 0-0 Be7 9. f4 exf4 10. Bxf4 Nc6 11. Qe1 Ne5 12. Rd1 Qc7 13. Kh1 Ng6 14. Bg3 0-0 15. Nd4 Rac8 16. a4 Rfd8 17. Nf5 Bxf5 18. Rxf5 Qb6 19. Rf3 Ne5 20. Nd5 Nxd5 21. Rb3 Qc7 22. exd5 Bf6 23. Bxe5 Bxe5 24. c4 b6 25. Rh3 Qe7 26. Bd3 g6 27. Qe3 Rb8 28. Rf1 Rb7 29. b3 Bg7 30. Qf2 Re8 31. g4 Qg5 32. Rf3 Ree7 33. h3 Be5 34. Qg2 a5 35. Qf2 Bg7 36. Rg1 Qe5 37. h4 Qd4 38. Qxd4 Bxd4 39. Rgf1 Kg7 40. Kg2 Rb8 41. Rf4 Bc3 42. R4f3 Bd4 43. Rf4 Bc3 44. R4f3 Bd4 45. Rf4 Bc3 46. R4f3 1/2-1/2

[Event "Penang op 15th"]
[Site "Penang"]
[Date "2023.12.21"]
[Round "6"]
[White "Lim, Kian Guan"]
[Black "Yang, Zilong"]
[Result "0-1"]
[WhiteElo "1480"]
[BlackElo "1943"]
[PlyCount "110"]
[EventDate "2023.12.18"]
[EventType "swiss"]
[EventRounds "9"]
[EventCountry "MAS"]
[SourceTitle "CB52_2023"]
[SourceDate "2023.12.27"]
[SourceVersion "1"]
[SourceVersionDate "2023.12.27"]
[SourceQuality "1"]

1. e4 c5 2. Nc3 Nc6 3. Bb5 Nd4 4. Nf3 e6 5. 0-0 a6 6. Bd3 d6 7. Nxd4 cxd4 8. Ne2 e5 9. c3 dxc3 10. dxc3 Nf6 11. c4 Be7 12. Nc3 0-0 13. Qe2 Bg4 14. f3 Be6 15. Be3 Nh5 16. Rfd1 Bg5 17. Bf2 Nf4 18. Qf1 Rc8 19. Nd5 Bxd5 20. exd5 Nxd3 21. Qxd3 f5 22. b4 g6 23. c5 Re8 24. Re1 Qd7 25. Rad1 Bf6 26. Rc1 Kg7 27. Rc4 Red8 28. Rd1 h5 29. Qc2 Qf7 30. c6 b5 31. Rc3 e4 32. Ra3 Re8 33. fxe4 fxe4 34. Be3 Ra8 35. Qd2 Be5 36. g3 h4 37. Rf1 Qc7 38. Bd4 hxg3 39. Rxg3 Qe7 40. Bxe5+ Qxe5 41. Re3 Rf8 42. Rfe1 Rf4 43. Qc3 Qxc3 44. Rxc3 Kf6 45. c7 Rc8 46. Rc6 Ke5 47. Rec1 Rf7 48. Rxa6 Rcxc7 49. Rac6 Ra7 50. R1c2 Kxd5 51. Rb6 Ke5 52. Rxb5+ d5 53. Rd2 Rfd7 54. a4 e3 55. Rg2 Ke4 0-1

[Event "Eastern Asia-ch U12 7th"]
[Site "Hainan"]
[Date "2023.08.04"]
[Round "1"]
[White "Heng, Jun Herng Kyan"]
[Black "Yang, Zilong"]
[Result "0-1"]
[WhiteElo "1313"]
[BlackElo "1862"]
[PlyCount "110"]
[EventDate "2023.08.04"]
[EventType "swiss"]
[EventRounds "9"]
[EventCountry "CHN"]
[SourceTitle "EXT 2024"]
[Source "ChessBase"]
[SourceDate "2023.10.10"]
[SourceVersion "1"]
[SourceVersionDate "2023.10.10"]
[SourceQuality "1"]

1. e4 c5 2. d4 cxd4 3. c3 d5 4. exd5 Qxd5 5. cxd4 Nc6 6. Nf3 e6 7. Nc3 Qd6 8. Be2 Nf6 9. 0-0 Be7 10. Nb5 Qd8 11. h3 a6 12. Nc3 0-0 13. Bf4 Nb4 14. Bc4 b5 15. Bb3 Bb7 16. a3 Nbd5 17. Nxd5 Bxd5 18. Bxd5 Nxd5 19. Qd2 Nxf4 20. Qxf4 Bf6 21. Rfd1 Qd5 22. Rac1 Rad8 23. Rd2 Be7 24. Qe5 Qxe5 25. dxe5 Bg5 26. Rxd8 Bxc1 27. Rd6 Ra8 28. a4 bxa4 29. Rd4 Bxb2 30. Rxa4 a5 31. Kf1 Bc3 32. Ke2 h6 33. Kd3 Bb4 34. Nd4 Rd8 35. Ke4 Rd5 36. f3 Bc3 37. f4 Rxd4+ 38. Rxd4 Bxd4 39. Kxd4 Kf8 40. Kc5 Ke7 41. Kb5 Kd7 42. Kxa5 Kc6 43. g3 Kd5 44. Kb6 Ke4 45. Kc6 Kf3 46. Kd6 Kxg3 47. f5 exf5 48. Ke7 Kf4 49. Kxf7 Kxe5 50. Kxg7 f4 51. Kxh6 Kf6 52. h4 f3 53. h5 f2 54. Kh7 f1Q 55. h6 Kf7 0-1

[Event "CHN-ch U12"]
[Site "Shenzhen"]
[Date "2023.08.01"]
[Round "9"]
[White "Yang, Zilong"]
[Black "Yu, Shuxiao"]
[Result "1/2-1/2"]
[WhiteElo "1862"]
[BlackElo "1664"]
[PlyCount "127"]
[EventDate "2023.07.28"]
[EventType "swiss"]
[EventRounds "11"]
[EventCountry "CHN"]
[SourceTitle "CBM 215 Extra"]
[Source "ChessBase"]
[SourceDate "2023.09.30"]
[SourceVersion "1"]
[SourceVersionDate "2023.09.30"]
[SourceQuality "1"]

1. e4 c5 2. Nf3 d6 3. d4 cxd4 4. Qxd4 Nc6 5. Bb5 Bd7 6. Bxc6 Bxc6 7. c4 f5 8. exf5 Qa5+ 9. Nbd2 Qxf5 10. 0-0 e5 11. Qe3 Be7 12. b4 Nf6 13. b5 Bd7 14. Ba3 Qe6 15. Ng5 Qf5 16. Nge4 0-0 17. Bxd6 Ng4 18. Qg3 Bxd6 19. Nxd6 Qc2 20. N6e4 Bf5 21. Rfc1 Qb2 22. Qc3 Qxc3 23. Rxc3 Rad8 24. f3 Nf6 25. Re1 b6 26. Re2 Rd4 27. Ng3 Bg6 28. h3 Rc8 29. Kf2 Kf8 30. Ke1 Nd5 31. Ra3 Nf4 32. Rxa7 Nxe2 33. Nxe2 Rd6 34. Nc3 Bf7 35. Nce4 Rg6 36. c5 bxc5 37. a4 c4 38. Nb1 Bd5 39. Nec3 Rxg2 40. Nd2 Ba8 41. a5 Rg1+ 42. Nf1 e4 43. Kf2 Rg6 44. fxe4 Rd6 45. Ng3 Rd3 46. Nge2 Rb8 47. Rc7 Rxh3 48. Rxc4 Rh5 49. Rc7 Bxe4 50. Nxe4 Rhxb5 51. a6 Ra8 52. Nd4 Rb2+ 53. Ke3 Rxa6 54. Nf5 Re6 55. Kf4 Rb4 56. Rc8+ Re8 57. Rxe8+ Kxe8 58. Nxg7+ Kf7 59. Nf5 Kg6 60. Nh4+ Kh5 61. Nf5 Ra4 62. Nfg3+ Kh4 63. Nf5+ Kh3 64. Nh6 1/2-1/2

[Event "CHN-ch U12"]
[Site "Shenzhen"]
[Date "2023.07.30"]
[Round "6"]
[White "Zhang, Qiwang"]
[Black "Yang, Zilong"]
[Result "1/2-1/2"]
[WhiteElo "1266"]
[BlackElo "1862"]
[PlyCount "160"]
[EventDate "2023.07.28"]
[EventType "swiss"]
[EventRounds "11"]
[EventCountry "CHN"]
[SourceTitle "CBM 215 Extra"]
[Source "ChessBase"]
[SourceDate "2023.09.30"]
[SourceVersion "1"]
[SourceVersionDate "2023.09.30"]
[SourceQuality "1"]

1. e4 c5 2. Nf3 e6 3. d4 cxd4 4. Nxd4 Nc6 5. Nc3 Qc7 6. g3 a6 7. Bg2 b5 8. Nxc6 dxc6 9. 0-0 e5 10. Be3 Nf6 11. h3 Bd6 12. Qd2 0-0 13. f4 Bb7 14. Rad1 Rad8 15. Qf2 Rd7 16. a3 Re8 17. b4 Qc8 18. Bb6 Bb8 19. f5 Bc7 20. Bc5 Red8 21. g4 h6 22. Bf3 Rxd1 23. Nxd1 Nd7 24. Be3 Bd6 25. g5 hxg5 26. Bxg5 f6 27. Be3 c5 28. c3 cxb4 29. cxb4 Qc4 30. Nb2 Qb3 31. Rd1 Be7 32. Rd3 Qa2 33. Qd2 Bc6 34. Bb6 Qb1+ 35. Nd1 Nxb6 36. Rxd8+ Bxd8 37. Qxd8+ Kh7 38. Qxb6 Bxe4 39. Bxe4 Qxe4 40. Qf2 Qd3 41. Ne3 Qxa3 42. Qh4+ Kg8 43. Qe4 Qc1+ 44. Kg2 Qd2+ 45. Kf3 Qe1 46. Kg4 Kh7 47. h4 Qe2+ 48. Qf3 Qd2 49. Qe4 Qe2+ 50. Kg3 Qe1+ 51. Kf3 Qh1+ 52. Ng2 Qd1+ 53. Kg3 Qd2 54. Kh2 a5 55. bxa5 Qxa5 56. Qg4 b4 57. h5 Qb6 58. h6 gxh6 59. Qg6+ Kh8 60. Qxh6+ Kg8 61. Ne3 b3 62. Ng4 b2 63. Nxf6+ Qxf6 64. Qxf6 b1Q 65. Qg6+ Kf8 66. Qf6+ Kg8 67. Qxe5 Qc2+ 68. Kg3 Qd3+ 69. Kf4 Qd2+ 70. Kg4 Qg2+ 71. Kh5 Qh3+ 72. Kg5 Qg2+ 73. Kh5 Qh3+ 74. Kg5 Qg2+ 75. Kf6 Qg7+ 76. Ke6 Qxe5+ 77. Kxe5 Kf7 78. Kd5 Kf6 79. Ke4 Kf7 80. f6 Kxf6 1/2-1/2

[Event "CHN-chT"]
[Site "Hangzhou"]
[Date "2023.05.26"]
[Round "8.4"]
[White "Zhu, Hengyi"]
[Black "Yang, Zilong"]
[Result "1-0"]
[WhiteElo "2245"]
[BlackElo "1895"]
[PlyCount "75"]
[EventDate "2023.05.19"]
[EventType "team-swiss"]
[EventRounds "9"]
[EventCountry "CHN"]
[SourceTitle "CBM 214 Extra"]
[Source "ChessBase"]
[SourceDate "2023.07.31"]
[SourceVersion "1"]
[SourceVersionDate "2023.07.31"]
[SourceQuality "1"]
[WhiteTeam "Hangzhou"]
[BlackTeam "Jiangsu"]
[WhiteTeamCountry "CHN"]
[BlackTeamCountry "CHN"]

1. e4 c5 2. Nf3 e6 3. d4 cxd4 4. Nxd4 Nc6 5. Nc3 Qc7 6. Be3 a6 7. Qf3 Ba3 8. 0-0-0 Ne5 9. Qg3 Qxc3 10. bxa3 Qxa3+ 11. Kb1 Ng6 12. Nb3 Nf6 13. Bc5 Qa4 14. f3 d5 15. Rd4 Qc6 16. e5 Nd7 17. Bd6 b5 18. h4 Rg8 19. Rg4 Bb7 20. h5 Ngf8 21. Rxg7 Rxg7 22. Qxg7 Qc3 23. Bd3 0-0-0 24. f4 Bc6 25. Qxf7 d4 26. Qe7 Bxg2 27. Rg1 Bd5 28. Bb4 Qc6 29. Rg7 Bxb3 30. axb3 Qb6 31. Qd6 Qxd6 32. Bxd6 Re8 33. Be4 h6 34. Bc6 Rd8 35. b4 d3 36. cxd3 Re8 37. Bxf8 Rxf8 38. Bxd7+ 1-0

[Event "CHN-chTB"]
[Site "Hefei"]
[Date "2023.04.21"]
[Round "8"]
[White "Yang, Zilong"]
[Black "Hu, Zehua"]
[Result "1/2-1/2"]
[WhiteElo "1694"]
[BlackElo "1992"]
[PlyCount "144"]
[EventDate "2023.04.17"]
[EventType "team-swiss"]
[EventRounds "9"]
[EventCountry "CHN"]
[SourceTitle "EXT 2024"]
[Source "ChessBase"]
[SourceDate "2023.10.10"]
[SourceVersion "1"]
[SourceVersionDate "2023.10.10"]
[SourceQuality "1"]
[WhiteTeam "Suzhou Third Sports"]
[BlackTeam "Tianjin Yipin"]
[WhiteTeamCountry "CHN"]
[BlackTeamCountry "CHN"]

1. e4 c6 2. d4 d5 3. Nc3 dxe4 4. Nxe4 Bf5 5. Ng3 Bg6 6. h4 h6 7. Nf3 Nd7 8. h5 Bh7 9. Bd3 Bxd3 10. Qxd3 e6 11. Bd2 Ngf6 12. 0-0-0 Be7 13. Ne4 Nxe4 14. Qxe4 Nf6 15. Qe2 Qd5 16. c4 Qe4 17. Qxe4 Nxe4 18. Be3 Bf6 19. Ne5 Rc8 20. Ng4 Bg5 21. Bxg5 hxg5 22. Rde1 Nd6 23. Ne5 Nf5 24. Re4 Rd8 25. Nf3 Ke7 26. Nxg5 Nxd4 27. g4 c5 28. Rhe1 Rh6 29. f4 g6 30. hxg6 Rxg6 31. Rh1 Rg7 32. Rh5 b6 33. Rh6 Rd6 34. Rh7 Rxh7 35. Nxh7 Rd8 36. Ng5 Rh8 37. b4 Rh2 38. bxc5 bxc5 39. Kb1 Rg2 40. f5 Nxf5 41. gxf5 Rxg5 42. fxe6 fxe6 43. Kc2 Kf6 44. Re3 Rg2+ 45. Kb3 Kf5 46. Rf3+ Ke4 47. Rf7 Rg3+ 48. Ka4 Kd4 49. Rf4+ Kd3 50. Kb5 e5 51. Rf7 e4 52. Rxa7 e3 53. Rd7+ Kc3 54. Re7 Kd2 55. a4 e2 56. Rxe2+ Kxe2 57. a5 Kd3 58. Kxc5 Rg5+ 59. Kb4 Kd4 60. a6 Rg1 61. Kb5 Ke5 62. a7 Ra1 63. Kb6 Kd6 64. Kb7 Rb1+ 65. Kc8 Ra1 66. Kb7 Rb1+ 67. Kc8 Ra1 68. Kb7 Rb1+ 69. Kc8 Ra1 70. Kb7 Rb1+ 71. Kc8 Ra1 72. Kb7 Rb1+ 1/2-1/2